Statistiques concernant Les héros de la littérature et leurs auteurs

Cliquez ici pour prendre le quiz!

Statistiques générales

  • Ce quiz a été pris 631 fois
  • Le résultat moyen est 5 sur 10

Statistiques - réponses

HérosAuteur% Correct
TintinHergé
88%
Hercule PoirotAgatha Christie
83%
Julien SorelStendhal
82%
Don Quichotte Miguel de Cervantes
78%
AliceLewis Carroll
58%
Arsène LupinMaurice Leblanc
56%
MaigretGeorges Simenon
45%
RouletabilleGaston Leroux
34%
AlixJacques Martin
14%
Nestor BurmaLéo Malet
11%

Distribution des résultats

Percentile par nombre de réponses

% des personnes avec chaque résultat

Votre développement - résultats

Vous n’avez pas pris ce quiz